Contractor liability dependent on clerk (Record no. 66422)
[ view plain ]
| 000 -LEADER | |
|---|---|
| fixed length control field | 01897cam a2200241 4500 |
| 001 - CONTROL NUMBER | |
| control field | ABS63625 |
| 008 - FIXED-LENGTH DATA ELEMENTS--GENERAL INFORMATION | |
| fixed length control field | 000000n2001 000 0 eng u |
| 035 ## - SYSTEM CONTROL NUMBER | |
| System control number | (Sirsi) u111477 |
| 100 ## - MAIN ENTRY--PERSONAL NAME | |
| Personal name | Brewer, G. |
| 245 ## - TITLE STATEMENT | |
| Title | Contractor liability dependent on clerk |
| 260 ## - PUBLICATION, DISTRIBUTION, ETC. | |
| Date of publication, distribution, etc. | 2001 |
| 490 ## - SERIES STATEMENT | |
| Series statement | Contract Journal |
| Volume/sequential designation | 407(6317) 7 March 2001, 28(1) |
| 520 ## - SUMMARY, ETC. | |
| Summary, etc. | Looks at the role of the clerk of works in building and engineering projects. Broadly speaking, the clerk's role is to monitor the standards of workmanship and materials to ensure they conform with specifications. However, the extent of the clerk's responsibility and authority is often unclear, varying from project to project. Considers how this is illustrated by the case of "Scott Wilson Kirkpatrick & Partners v Ministry of Defence", which examined the responsibility of the clerk of works. This involved establishing blame, and apportioning damages, for a roof, constructed for the MOD, part of which had subsequently blown off. It was established that this had occurred due to the use of inadequate 4-inch long nails. The contract for the work expressly required the contractor to 'ensure boarding rafters, purlins etc. are well fixed as existing'. In the original trial the judge held that the award of damages should be apportioned equally between the contractor and the consultant, who was liable for the clerk of works. The CA upheld the trial judge's decision. The clerk of works' supervision was intended as an additional security measure, not to provide an excuse for the contractor not carrying out its contractual obligations. |
| 590 ## - LOCAL NOTE (RLIN) | |
| Local note | ABS |
| 650 ## - SUBJECT ADDED ENTRY--TOPICAL TERM | |
| Topical term or geographic name entry element | CONTRACTORS LIABILITY |
| 650 ## - SUBJECT ADDED ENTRY--TOPICAL TERM | |
| Topical term or geographic name entry element | CLERK OF WORKS |
| 650 ## - SUBJECT ADDED ENTRY--TOPICAL TERM | |
| Topical term or geographic name entry element | CONTRACTOR |
| 650 ## - SUBJECT ADDED ENTRY--TOPICAL TERM | |
| Topical term or geographic name entry element | SCOTT WILSON KIRKPATRICK & PARTNERS V MINISTRY OF DEFENCE |
| 650 ## - SUBJECT ADDED ENTRY--TOPICAL TERM | |
| Topical term or geographic name entry element | ROOF |
| 650 ## - SUBJECT ADDED ENTRY--TOPICAL TERM | |
| Topical term or geographic name entry element | GC/WORKS/1 EDITION 2 |
| 690 ## - LOCAL SUBJECT ADDED ENTRY--TOPICAL TERM (OCLC, RLIN) | |
| Topical term or geographic name as entry element | BUILT ENVIRONMENT |
| 942 ## - ADDED ENTRY ELEMENTS (KOHA) | |
| Suppress in OPAC | 0 |
| Withdrawn status | Lost status | Source of classification or shelving scheme | Damaged status | Not for loan | Home library | Current library | Shelving location | Date acquired | Total Checkouts | Full call number | Barcode | Date last seen | Copy number | Price effective from | Koha item type |
|---|---|---|---|---|---|---|---|---|---|---|---|---|---|---|---|
| Dewey Decimal Classification | London | London | Journal article | 19/03/2001 | ABS63625 | 111477-1001 | 06/08/2019 | 1 | 06/08/2019 | Journal article |